00950ntm a22002297a 450000500170000000800410001704000280005808200170008610000370010324501060014026000100024630000400025650001830029659000110047965000390049065300230052965500090055270000330056194200080059499900170060295201010061920170808132135.0170802s2011 xx a frb 000 0 eng d aEG-ScBUEbengcEG-ScBUE04222a624bMOP1 aMobasher, Mustafa Emad Abdullah.12aA new boundary element formulation for transit dynamic analysis /cby Mustafa Emad Abdullah Mobasher. c2011. axi, 216 p. :bill. (col.) ;c28 cm. aA dissertation submitted to the faculty of engineering. the British university in Egypt, in partial Fulfillment of the requirements for the bachelor degree in civil engineering. akarima 72BUEshaCivil EngineeringvProjects bENGCIVcAugust2017 vSPRO1 aRashed, Youssef,eths934670 2ddc c25212d25184 00102ddc4070aMAINbMAINc2NDd2017-08-07l0o624 MOPp000046349r2025-07-15 00:00:00yPROJST